[Event "ch-FRA Blitz Online Qual"]
[Site "Europe-Chess INT"]
[Date "2020.05.16"]
[Round "13"]
[White "Debray, Christopher"]
[Black "Janzelj, Lara"]
[Result "0-1"]
[WhiteTitle "IM"]
[BlackTitle "WIM"]
[WhiteElo "2376"]
[BlackElo "2210"]
[WhiteFideId "630810"]
[BlackFideId "14608391"]
[EventDate "2020.05.16"]

1. d4 d5 2. c4 dxc4 3. Nf3 Nf6 4. g3 e6 5. Bg2 Be7 6. O-O O-O 7. Ne5 Nbd7 8.
Nxc4 Nb6 9. Na5 c6 10. Nc3 Nbd5 11. Nc4 c5 12. dxc5 Bxc5 13. Bg5 Nxc3 14. bxc3
h6 15. Qxd8 Rxd8 16. Bxf6 gxf6 17. Rfd1 Rxd1+ 18. Rxd1 Be7 19. Na5 Rb8 20. e3
Kg7 21. f4 f5 22. Kf2 Bf6 23. c4 b6 24. Nc6 Rb7 25. Ne5 Rc7 26. Bf1 Ba6 27. a4
Bc8 28. Be2 Kf8 29. Nf3 Ba6 30. Ne5 Ke7 31. Rd4 Bxe5 32. fxe5 Rc5 33. Rh4 Rxe5
34. Rxh6 Ra5 35. h4 Rxa4 36. h5 Bxc4 37. Bxc4 Rxc4 38. Rh8 Kf6 39. h6 Kg6 40.
Rf8 Rc7 41. Rh8 a5 42. Ke2 a4 43. Kd3 b5 44. Rb8 Kxh6 45. Rxb5 Ra7 46. Rb2 a3
47. Ra2 Kg5 48. e4 fxe4+ 49. Kxe4 Ra5 50. Kf3 Ra4 51. Ke3 Kg4 52. Kf2 f5 53. Kg2
e5 54. Kf2 f4 55. gxf4 exf4 56. Kg2 f3+ 57. Kf2 Kf4 58. Ra1 a2 59. Kf1 Kg3 60.
Kg1 Rb4 61. Rxa2 Rb1# 0-1

[Event "ch-FRA Blitz Online Qual"]
[Site "Europe-Chess INT"]
[Date "2020.05.16"]
[Round "13"]
[White "Robert, Mathias"]
[Black "Okhotnik, Vladimir"]
[Result "0-1"]
[BlackTitle "GM"]
[WhiteElo "2140"]
[BlackElo "2359"]
[WhiteFideId "26066769"]
[BlackFideId "14101289"]
[EventDate "2020.05.16"]

1. e4 c6 2. Nf3 d5 3. Nc3 dxe4 4. Nxe4 Nf6 5. Qe2 e6 6. d4 Be7 7. c3 O-O 8. Bf4
Nbd7 9. O-O-O b5 10. Ne5 Bb7 11. Nxf6+ Nxf6 12. Qc2 Qa5 13. Kb1 Rfd8 14. Bd3 h6
15. Rhg1 c5 16. dxc5 Nd5 17. Bh7+ Kf8 18. Bc1 Bxc5 19. b4 Qc7 20. f4 Bxg1 21.
Rxg1 Qxc3 22. Qf2 Qxb4+ 23. Bb2 Nc3+ 24. Ka1 Na4 25. Bc1 Qd4+ 26. Kb1 Qxf2 0-1

[Event "ch-FRA Blitz Online Qual"]
[Site "Europe-Chess INT"]
[Date "2020.05.16"]
[Round "13"]
[White "Macon, Arthur"]
[Black "Trabet, Mathis"]
[Result "1-0"]
[WhiteTitle "FM"]
[WhiteElo "2310"]
[BlackElo "2118"]
[WhiteFideId "20654707"]
[BlackFideId "36041289"]
[EventDate "2020.05.16"]

1. Nf3 c5 2. g3 Nf6 3. Bg2 g6 4. O-O Bg7 5. c4 O-O 6. Nc3 Nc6 7. d4 cxd4 8. Nxd4
Nxd4 9. Qxd4 d6 10. Qd3 Nd7 11. b3 Nc5 12. Qd2 Bd7 13. Bb2 Bc6 14. Nd5 Bxd5 15.
Bxd5 Bxb2 16. Qxb2 a5 17. h4 h5 18. Qc2 Kh7 19. Rab1 Rc8 20. Rfd1 Qd7 21. Qd2 b6
22. Kg2 Rc7 23. Bf3 Qf5 24. Qe3 Re8 25. Rbc1 Rd8 26. Rd5 Qf6 27. Rcd1 Rb8 28.
Bxh5 gxh5 29. Rxh5+ Kg8 30. Rdd5 e6 31. Rh6 Qb2 32. Rdh5 Rbc8 33. Qg5+ Qg7 34.
Rh8# 1-0

[Event "ch-FRA Blitz Online Qual"]
[Site "Europe-Chess INT"]
[Date "2020.05.16"]
[Round "13"]
[White "Djidjeli, Sofiane"]
[Black "Szajbely, Zsigmond"]
[Result "1-0"]
[BlackTitle "FM"]
[WhiteElo "2209"]
[BlackElo "2260"]
[WhiteFideId "36067520"]
[BlackFideId "711691"]
[EventDate "2020.05.16"]

1. e4 c5 2. Nf3 d6 3. d4 cxd4 4. Nxd4 Nf6 5. f3 e6 6. c4 Be7 7. Nc3 O-O 8. Be3
Nc6 9. Be2 d5 10. Nxc6 bxc6 11. cxd5 exd5 12. exd5 Nxd5 13. Nxd5 cxd5 14. O-O
Bf6 15. Bd4 Rb8 16. b3 Be6 17. Rf2 Rb4 18. Bc5 Rb7 19. Bxf8 Bxa1 20. Qxa1 Qxf8
21. Qd4 Qa3 22. Bd3 Rc7 23. g4 h6 24. Kg2 Qc1 25. Re2 Rc3 26. h4 a5 27. g5 hxg5
28. hxg5 Qxg5+ 29. Kf2 Rc1 30. Qg4 Qh6 31. Qg3 g6 32. f4 Qh1 33. Rxe6 fxe6 34.
Qxg6+ Kf8 35. Qf6+ Ke8 36. Bb5+ 1-0

[Event "ch-FRA Blitz Online Qual"]
[Site "Europe-Chess INT"]
[Date "2020.05.16"]
[Round "13"]
[White "Kollar, Romain"]
[Black "Le Goff, Damien"]
[Result "0-1"]
[BlackTitle "FM"]
[WhiteElo "2205"]
[BlackElo "2281"]
[WhiteFideId "36017981"]
[BlackFideId "634808"]
[EventDate "2020.05.16"]

1. e4 c5 2. Nf3 Nc6 3. d4 cxd4 4. Nxd4 e5 5. Nb5 d6 6. N1c3 a6 7. Na3 Be7 8. Nc4
Nf6 9. Be3 b5 10. Nb6 Rb8 11. Nxc8 Rxc8 12. a4 b4 13. Nd5 a5 14. Bb5 O-O 15. Bb6
Qd7 16. Nxf6+ Bxf6 17. Bxa5 Qb7 18. Bxc6 Rxc6 19. c3 Rc5 20. Bxb4 Qxe4+ 21. Qe2
Qxg2 22. O-O-O Rc6 23. Rhg1 Qh3 24. Rxd6 Rxd6 25. Bxd6 Qxh2 26. Qg4 Rd8 27. Be7
Qh6+ 28. Kc2 Bxe7 29. b4 Qd2+ 30. Kb3 Qd5+ 31. Kc2 Qa2+ 32. Kc1 g6 0-1

[Event "ch-FRA Blitz Online Qual"]
[Site "Europe-Chess INT"]
[Date "2020.05.16"]
[Round "13"]
[White "Louistisserand, Patrick"]
[Black "Lambert, Adrien"]
[Result "1-0"]
[WhiteTitle "FM"]
[WhiteElo "2245"]
[BlackElo "2123"]
[WhiteFideId "635049"]
[BlackFideId "624772"]
[EventDate "2020.05.16"]

1. d4 g6 2. c4 Bg7 3. e4 d6 4. Ne2 e5 5. d5 f5 6. f3 Nf6 7. Nbc3 O-O 8. Be3 Nbd7
9. exf5 gxf5 10. Qd2 Nc5 11. O-O-O e4 12. Nd4 a5 13. Be2 Qe7 14. f4 Bd7 15. h3
c6 16. g4 cxd5 17. gxf5 Rae8 18. Rhg1 Kh8 19. cxd5 Rc8 20. Kb1 Bh6 21. Ne6 Nxe6
22. dxe6 Bc6 23. Qxd6 Qxd6 24. Rxd6 Rfd8 25. Bd4 Bg7 26. Rxd8+ Rxd8 27. Be5 Re8
28. Bb5 Nh5 29. Bxc6 bxc6 30. Nxe4 1-0

[Event "ch-FRA Blitz Online Qual"]
[Site "Europe-Chess INT"]
[Date "2020.05.16"]
[Round "13"]
[White "Profili, Emilio"]
[Black "Gatineau, Yovann"]
[Result "0-1"]
[BlackTitle "FM"]
[WhiteElo "2053"]
[BlackElo "2423"]
[WhiteFideId "45160805"]
[BlackFideId "26028999"]
[EventDate "2020.05.16"]

1. e4 c6 2. d4 g6 3. f3 Bg7 4. Nc3 d5 5. Be3 Nf6 6. e5 Nfd7 7. f4 Nb6 8. Nf3 Bg4
9. h3 Bxf3 10. Qxf3 e6 11. Bd3 N8d7 12. O-O O-O 13. Kh1 Rc8 14. b4 f5 15. exf6
Nxf6 16. Nd1 Rc7 17. c3 Nc8 18. Nf2 Nd6 19. Ng4 Nfe4 20. Rac1 Qh4 21. Bf2 Qe7
22. Be3 Kh8 23. Kh2 Qe8 24. Ne5 Nf6 25. g4 Nfe4 26. Qe2 Qd8 27. Qg2 Qh4 28. Bf2
Qf6 29. Be3 Qd8 30. Rc2 a6 31. a3 Qe8 32. Qe2 Qe7 33. Qe1 Bf6 34. g5 Bg7 35. Qh4
Kg8 36. Qg4 Rf5 37. h4 Qe8 38. Rcc1 Rf8 39. a4 Nf5 40. Rfe1 Ned6 41. Bd2 Re7 42.
a5 Qd8 43. Rf1 Qe8 44. Rce1 Qd8 45. Re2 Bxe5 46. Rxe5 Ne4 47. Bxe4 dxe4 48. Rxe4
Qd5 49. Re5 Qc4 50. Qe2 Qxe2+ 51. Rxe2 Nxh4 52. Kg3 Nf5+ 53. Kg4 Kf7 54. Rfe1
Rd8 55. Re5 Rd5 56. R5e4 Nd6 57. R4e2 Nf5 58. Rh1 Ke8 59. Reh2 Rdd7 60. Kf3 Kd8
61. Be3 Kc7 62. Bf2 Rf7 63. Re1 Kd6 64. Bg1 Rde7 65. d5 Kxd5 66. Bc5 Rd7 67.
Rhe2 Kc4 68. Rxe6 Kxc3 69. Rc1+ Kb3 70. Re2 Rd3+ 71. Kg2 Nh4+ 72. Kf2 Rxf4+ 73.
Kg1 Nf3+ 74. Kg2 Rg4+ 75. Kf2 Nxg5 76. Re3 Rxe3 77. Kxe3 Ne6 78. Kf3 h5 79. Be7
Ka4 80. Ra1+ Kb5 81. Re1 Nd4+ 82. Kf2 Rf4+ 83. Kg2 Nf5 84. Re5+ Ka4 85. Re1 Nxe7
86. Rxe7 Rxb4 87. Rg7 Kxa5 88. Rxg6 c5 89. Kf3 b5 90. Rg5 c4 91. Ke3 Rb3+ 92.
Kd2 Kb4 93. Rxh5 a5 94. Kc2 a4 95. Rh8 Rg3 96. Kb1 Kb3 97. Rh1 b4 98. Rf1 a3 99.
Ka1 c3 100. Rb1+ Ka4 101. Rf1 Rg2 102. Rh1 Kb3 103. Rb1+ Rb2 104. Rg1 a2 105.
Rc1 Rb1+ 106. Rxb1+ axb1=Q+ 107. Kxb1 Ka3 108. Kc1 Ka2 109. Kc2 b3+ 110. Kxc3 b2
111. Kc4 b1=Q 112. Kd4 Qb5 113. Ke4 Qc5 114. Kf4 Qd5 115. Kg4 Qe5 116. Kf3 Qd4
117. Kg3 Qe4 118. Kf2 Qd3 119. Kg2 Qe3 120. Kf1 Qd2 121. Kg1 Qe2 122. Kh1 Ka3
123. Kg1 Ka4 124. Kh1 Ka5 125. Kg1 Kb6 126. Kh1 Kc7 127. Kg1 Kd8 128. Kh1 Ke7
129. Kg1 Kd6 130. Kh1 Ke5 131. Kg1 Kf6 132. Kh1 Kg5 133. Kg1 Kh5 134. Kh1 Kg4
135. Kg1 Kf5 136. Kh1 Ke5 137. Kg1 Ke4 138. Kh1 Kf3 139. Kg1 Kg3 140. Kh1 0-1

[Event "ch-FRA Blitz Online Qual"]
[Site "Europe-Chess INT"]
[Date "2020.05.16"]
[Round "13"]
[White "Fretel, Liza"]
[Black "Ternault, Mathieu"]
[Result "0-1"]
[BlackTitle "FM"]
[WhiteElo "1934"]
[BlackElo "2363"]
[WhiteFideId "26045460"]
[BlackFideId "20641532"]
[EventDate "2020.05.16"]

1. e4 Nc6 2. d4 d6 3. Nf3 Nf6 4. Bd3 g6 5. Be3 Bg7 6. h3 O-O 7. O-O Nb4 8. c3
Nxd3 9. Qxd3 c6 10. d5 Qa5 11. b4 Qc7 12. Nbd2 cxd5 13. exd5 Bf5 14. Qe2 Nxd5
15. Bd4 Nxc3 16. Qe3 Nd5 17. Qb3 Nf4 18. Bxg7 Kxg7 19. Nd4 Bd3 20. Rfe1 e5 21.
N4f3 Rac8 22. Kh2 Bc2 23. Qa3 Nd3 24. Re3 d5 25. g3 e4 26. Nd4 Qb6 27. Rxd3 Bxd3
28. Qb2 Kg8 29. f4 Rc2 30. Nxc2 Qf2+ 31. Kh1 Qxd2 32. Rc1 Rc8 33. Ne1 Qxb2 34.
Rxc8+ Kg7 35. Kg1 Qd2 36. Ng2 e3 37. Re8 Qf2+ 38. Kh1 Be4 0-1

[Event "ch-FRA Blitz Online Qual"]
[Site "Europe-Chess INT"]
[Date "2020.05.16"]
[Round "13"]
[White "De Seroux, Camille"]
[Black "Lamorelle, Yves"]
[Result "0-1"]
[WhiteTitle "WIM"]
[BlackTitle "FM"]
[WhiteElo "2137"]
[BlackElo "2052"]
[WhiteFideId "1305620"]
[BlackFideId "601810"]
[EventDate "2020.05.16"]

1. e4 e5 2. Nc3 Nf6 3. f4 d5 4. fxe5 Nxe4 5. Nf3 Bg4 6. Qe2 Nxc3 7. dxc3 Be7 8.
Qb5+ Nd7 9. Qxd5 O-O 10. Bd3 Bxf3 11. Qxf3 Nxe5 12. Bxh7+ Kxh7 13. Qh5+ Kg8 14.
Qxe5 Bh4+ 15. Kf1 Qd1+ 0-1

[Event "ch-FRA Blitz Online Qual"]
[Site "Europe-Chess INT"]
[Date "2020.05.16"]
[Round "13"]
[White "Mallassagne, Francois-Eric"]
[Black "Firouzja, Mohammadreza"]
[Result "1-0"]
[WhiteElo "2163"]
[BlackElo "2135"]
[WhiteFideId "620025"]
[BlackFideId "12573990"]
[EventDate "2020.05.16"]

1. d4 Nf6 2. Nf3 b5 3. Bg5 Bb7 4. Nbd2 e6 5. e3 a6 6. c4 bxc4 7. Bxc4 d5 8. Bd3
Nbd7 9. Qa4 Be7 10. O-O O-O 11. Ne5 Nxe5 12. dxe5 Nd7 13. Qh4 g6 14. Bxe7 Qe8
15. Bf6 Nxf6 16. exf6 Qd8 17. Rac1 Rc8 18. Nf3 h6 19. Ne5 Kh7 20. h3 c5 21. b3
d4 22. exd4 Qd5 23. Nf3 cxd4 24. Rxc8 Rxc8 25. Re1 e5 26. Be4 Qd7 27. Nxe5 Qc7
28. Ng4 h5 29. Qxh5+ Kg8 30. Qh6 1-0

[Event "ch-FRA Blitz Online Qual"]
[Site "Europe-Chess INT"]
[Date "2020.05.16"]
[Round "13"]
[White "Martinez Martinez, Mateo"]
[Black "Luminais, Eric"]
[Result "0-1"]
[WhiteElo "1917"]
[BlackElo "2161"]
[WhiteFideId "36055140"]
[BlackFideId "610372"]
[EventDate "2020.05.16"]

1. d4 d5 2. c4 e6 3. Nc3 Nf6 4. cxd5 exd5 5. Bg5 Be7 6. Qc2 Nbd7 7. e3 O-O 8.
Bd3 c6 9. Nf3 Re8 10. O-O Nf8 11. h3 h6 12. Bf4 Bd6 13. Bxd6 Qxd6 14. Rab1 b6
15. b4 Bb7 16. Rfc1 Rad8 17. Ne5 Re7 18. Na4 Rc8 19. f4 g6 20. g4 Kg7 21. Kg2
Ne8 22. a3 Qd8 23. Rf1 Nd6 24. Rbc1 Qe8 25. f5 gxf5 26. gxf5 f6 27. Ng4 h5 28.
Nf2 Rxe3 29. Rg1 Rc7 30. Kh1+ Kh7 31. Rg2 Rg7 32. Rcg1 Rxg2 33. Rxg2 Re1+ 34.
Kh2 Qe3 35. Nc3 Qf4+ 36. Rg3 h4 0-1

[Event "ch-FRA Blitz Online Qual"]
[Site "Europe-Chess INT"]
[Date "2020.05.16"]
[Round "13"]
[White "Zachary, Matheo"]
[Black "Van Hoolandt, Patrick"]
[Result "1-0"]
[WhiteTitle "FM"]
[BlackTitle "FM"]
[WhiteElo "2334"]
[BlackElo "2063"]
[WhiteFideId "26024691"]
[BlackFideId "200999"]
[EventDate "2020.05.16"]

1. e4 e5 2. Nf3 Nc6 3. Nc3 Nf6 4. Bb5 Bd6 5. d3 O-O 6. a3 a6 7. Ba4 b5 8. Bb3
Be7 9. Rg1 Nd4 10. Nxd4 exd4 11. Ne2 c5 12. g4 d5 13. g5 c4 14. gxf6 Bxf6 15.
Ba2 dxe4 16. dxc4 d3 17. Nf4 dxc2 18. Qxc2 Bf5 19. Be3 Qa5+ 20. Bd2 Qd8 21.
O-O-O Rc8 22. Bc3 Bg5 23. Rxd8 Bxf4+ 24. Kb1 Rfxd8 25. Rxg7+ Kf8 26. cxb5 Rxc3
27. Rxf7+ Ke8 28. bxc3 Bg6 29. Qb3 e3+ 30. Kb2 Rd2+ 31. Ka1 Rd6 32. Rxf4 e2 33.
Qg8+ Kd7 34. Rf7+ Bxf7 35. Qxf7+ Kd8 36. Qg8+ Kc7 37. Qc4+ Kb6 38. Qxe2 axb5 39.
Kb2 h6 40. Qe6 Rxe6 41. Bxe6 Kc5 42. Kb3 Kd6 43. Bg4 Kc5 44. Be2 Kc6 45. Kb4 Kb6
46. Bxb5 h5 47. c4 h4 48. c5+ Kc7 49. c6 h3 50. Kc5 Kb8 51. Kb6 Ka8 52. Bc4 Kb8
53. c7+ Kc8 54. Be6# 1-0

[Event "ch-FRA Blitz Online Qual"]
[Site "Europe-Chess INT"]
[Date "2020.05.16"]
[Round "13"]
[White "Daeschler, Florian"]
[Black "Thomas, Anysia"]
[Result "1-0"]
[WhiteTitle "FM"]
[BlackTitle "WFM"]
[WhiteElo "2322"]
[BlackElo "2160"]
[WhiteFideId "20678193"]
[BlackFideId "670472"]
[EventDate "2020.05.16"]

1. d4 g6 2. c4 Nf6 3. g3 Bg7 4. Bg2 d5 5. cxd5 Nxd5 6. Nf3 Nb6 7. O-O Nc6 8. e3
e5 9. dxe5 Qxd1 10. Rxd1 Nxe5 11. Nxe5 Bxe5 12. Nc3 c6 13. e4 Bg4 14. f3 Be6 15.
Bh6 f5 16. exf5 Bxc3 17. fxe6 Bxb2 18. Rab1 Bf6 19. a4 Rb8 20. Bf4 Rd8 21. Rxd8+
Bxd8 22. a5 Nd5 23. Be5 Rf8 24. Rxb7 Bxa5 25. Bd6 Bb6+ 26. Kh1 Rf6 27. Rb8+ Bd8
28. Bh3 Rxf3 29. Kg2 Rd3 30. Bc5 Rd2+ 31. Kf3 Rxh2 32. Bf1 Ra2 33. Bd6 Rd2 34.
Bc5 Ra2 35. Bd6 Rc2 36. Bd3 Rc3 37. Ke2 h5 38. Be4 Rc2+ 39. Bxc2 Nc3+ 40. Kd2
Nd5 41. Bxg6# 1-0

[Event "ch-FRA Blitz Online Qual"]
[Site "Europe-Chess INT"]
[Date "2020.05.16"]
[Round "13"]
[White "Sahetchian, Armand"]
[Black "Guillemart, Serge"]
[Result "0-1"]
[WhiteElo "2117"]
[BlackElo "2107"]
[WhiteFideId "607150"]
[BlackFideId "26015579"]
[EventDate "2020.05.16"]

1. d4 d5 2. Nf3 Nf6 3. c4 Nc6 4. Nc3 Bg4 5. Ne5 Nxe5 6. dxe5 d4 7. Nb5 c6 8.
Nxd4 Qa5+ 9. Qd2 Qxe5 10. Qf4 Qxf4 11. Bxf4 O-O-O 12. e3 e5 13. f3 exf4 14. fxg4
fxe3 15. Nf5 g6 16. Nxe3 Re8 17. Kd2 Bh6 18. Re1 Rxe3 19. Rxe3 0-1

[Event "ch-FRA Blitz Online Qual"]
[Site "Europe-Chess INT"]
[Date "2020.05.16"]
[Round "13"]
[White "Nizard, Roger"]
[Black "Rousseau, Matthieu"]
[Result "1-0"]
[WhiteElo "2144"]
[BlackElo "1862"]
[WhiteFideId "604569"]
[BlackFideId "26049724"]
[EventDate "2020.05.16"]

1. d4 d5 2. c4 e6 3. Nc3 Nf6 4. cxd5 exd5 5. Bg5 c6 6. e3 Bf5 7. Qf3 Be4 8. Bxf6
Qxf6 9. Nxe4 Qxf3 10. gxf3 dxe4 11. fxe4 Bb4+ 12. Ke2 Nd7 13. Bh3 Nf6 14. f3 Be7
15. Kd3 Rd8 16. Ne2 c5 17. d5 b5 18. b3 Nxd5 19. exd5 Rxd5+ 20. Kc2 O-O 21. Rad1
Re5 22. e4 c4 23. Rd5 Rxd5 24. exd5 cxb3+ 25. Kxb3 a5 26. Rd1 Bd6 27. Nd4 a4+
28. Kc2 Rb8 29. Kb1 Bxh2 30. Nc6 Rb6 31. d6 Bxd6 32. Rxd6 Kf8 33. Rd8# 1-0

[Event "ch-FRA Blitz Online Qual"]
[Site "Europe-Chess INT"]
[Date "2020.05.16"]
[Round "13"]
[White "Lucas, Arthur"]
[Black "Pichon, Ewen"]
[Result "0-1"]
[WhiteTitle "FM"]
[WhiteElo "2283"]
[BlackElo "1821"]
[WhiteFideId "26093073"]
[BlackFideId "45155593"]
[EventDate "2020.05.16"]

1. e4 e5 2. Nf3 Nc6 3. d4 exd4 4. Nxd4 Bc5 5. Nb3 Bb6 6. Nc3 Nf6 7. Qe2 d6 8.
Be3 Be6 9. O-O-O Qe7 10. g3 O-O-O 11. Bxb6 axb6 12. Bg2 Bxb3 13. axb3 Rhe8 14.
Rhe1 h6 15. Qc4 Kb8 16. b4 Qe6 17. Qb5 Na7 18. Qa4 d5 19. e5 Ne4 20. Nxe4 dxe4
21. Rxd8+ Rxd8 22. Rxe4 Qd5 23. Kb1 Qd2 24. Rf4 Qe1+ 25. Ka2 b5 26. Qb3 Nc6 27.
Bxc6 bxc6 28. Qc3 Qxc3 29. bxc3 Rd7 30. Kb3 Kb7 31. c4 Re7 32. Re4 Kc8 33. f4
Kd7 34. cxb5 cxb5 35. c4 Kc6 36. cxb5+ Kxb5 37. Rc4 c6 38. Rc5+ Kb6 39. Rc2 Rd7
40. Kc4 Rd1 41. Rb2 Rc1+ 42. Kd4 Kb5 43. f5 Rd1+ 44. Ke4 Re1+ 45. Kf4 Rf1+ 46.
Kg4 Re1 47. f6 g6 48. e6 Rxe6 49. Kf4 Rxf6+ 50. Ke5 Re6+ 51. Kd4 f5 52. Kc3 Re3+
53. Kd4 Re4+ 54. Kd3 Rxb4 55. Ra2 h5 56. Ra8 Rg4 57. Rg8 Kc5 58. Ke3 Re4+ 59.
Kf3 Re6 60. Kf4 Kc4 61. h4 c5 62. Kg5 Kc3 63. Rxg6 Rxg6+ 64. Kxg6 Kd3 65. Kxh5
c4 66. Kg6 c3 67. h5 c2 68. h6 c1=Q 69. h7 Qc6+ 70. Kg7 Qd7+ 71. Kg6 Qe6+ 72.
Kg5 Qe7+ 73. Kg6 Qe8+ 74. Kg7 Qe5+ 75. Kf7 Qh8 76. Kg6 Ke4 0-1

[Event "ch-FRA Blitz Online Qual"]
[Site "Europe-Chess INT"]
[Date "2020.05.16"]
[Round "13"]
[White "Lissillour, Baptiste"]
[Black "Calistri, Tristan"]
[Result "0-1"]
[BlackTitle "IM"]
[WhiteElo "1731"]
[BlackElo "2288"]
[WhiteFideId "45179620"]
[BlackFideId "607843"]
[EventDate "2020.05.16"]

1. d4 Nf6 2. Nf3 d6 3. c4 Nbd7 4. Nc3 e5 5. e4 g6 6. Be2 Bg7 7. O-O O-O 8. Be3
Re8 9. d5 Nh5 10. Qd2 a5 11. a3 Nc5 12. Bd1 Nf4 13. Bc2 Qf6 14. b4 axb4 15. axb4
Rxa1 16. Rxa1 Nxg2 17. bxc5 Qxf3 18. Bd1 Qh3 19. cxd6 cxd6 20. Ra8 Nf4 21. Bxf4
exf4 22. Nb5 f3 23. Bxf3 Qxf3 24. Nxd6 Bh3 25. Rxe8+ Bf8 26. Rxf8+ Kxf8 27. Qh6+
Kg8 28. Qg5 Qd1# 0-1

[Event "ch-FRA Blitz Online Qual"]
[Site "Europe-Chess INT"]
[Date "2020.05.16"]
[Round "13"]
[White "Robert, Yoann"]
[Black "Kirk, Ezra"]
[Result "0-1"]
[BlackTitle "IM"]
[WhiteElo "2071"]
[BlackElo "2447"]
[WhiteFideId "36018805"]
[BlackFideId "600067"]
[EventDate "2020.05.16"]

1. d4 Nf6 2. Nf3 c5 3. d5 e6 4. c4 exd5 5. cxd5 d6 6. Nc3 g6 7. Bf4 a6 8. a4 Bg7
9. e3 O-O 10. h3 Re8 11. Nd2 Nh5 12. Bh2 f5 13. Be2 Nf6 14. Nc4 Bf8 15. O-O Qc7
16. Rc1 Nbd7 17. Bf3 Rb8 18. a5 b5 19. axb6 Nxb6 20. Na5 Bd7 21. Nc6 Bxc6 22.
dxc6 Kh8 23. Nd5 Nbxd5 24. Bxd5 Rxb2 25. Rxc5 Rb5 26. Rxb5 axb5 27. Qd3 Qb6 28.
Rb1 Rb8 29. Bf3 Qc5 30. Qd4 Qxd4 31. exd4 b4 32. Bf4 Ne8 33. Bd2 b3 34. Bd5 b2
35. Bc3 Nc7 36. Bf3 Rb3 37. Bxb2 d5 38. Ra1 Rxb2 39. Ra7 Bd6 40. Rb7 Rxb7 41.
cxb7 Nb5 42. Bxd5 Nxd4 43. Kf1 Kg7 44. Ke1 Kf6 45. Kd2 Ke5 46. Bg8 h6 47. Bh7 g5
48. g3 Ne6 49. Bg8 Nc5 50. b8=Q Bxb8 51. Ke2 Bd6 52. Bc4 Ne4 53. Bb3 Bc5 54. f4+
gxf4 55. gxf4+ Kxf4 56. Be6 h5 57. Kf1 h4 58. Kg2 Nc3 59. Bc8 Nd1 60. Bd7 Ne3+
61. Kh2 Kf3 62. Bc6+ Kf2 63. Bd7 Bd6+ 64. Kh1 f4 65. Bc6 Nf1 66. Bd5 Ng3+ 67.
Kh2 f3 68. Ba8 Ke2 69. Bc6 f2 70. Bb5+ Ke1 71. Kg2 f1=Q+ 72. Bxf1 Nxf1 73. Kf3
Be7 74. Kg4 Ke2 75. Kh5 Kf3 76. Kg6 Kg3 77. Kf7 Kxh3 78. Kxe7 Kg3 79. Ke6 h3 80.
Kd7 h2 81. Kc7 h1=Q 82. Kd6 Qh5 0-1

[Event "ch-FRA Blitz Online Qual"]
[Site "Europe-Chess INT"]
[Date "2020.05.16"]
[Round "13"]
[White "Berthaut, Alexandre"]
[Black "Materia, Marco"]
[Result "1/2-1/2"]
[BlackTitle "FM"]
[WhiteElo "1924"]
[BlackElo "2269"]
[WhiteFideId "26080192"]
[BlackFideId "45150451"]
[EventDate "2020.05.16"]

1. e4 c5 2. Nf3 e6 3. g3 d5 4. exd5 exd5 5. d4 Nc6 6. Bg2 Bg4 7. O-O Nxd4 8.
Qe1+ Be7 9. Nxd4 cxd4 10. Qe5 Nf6 11. Qxd4 O-O 12. Nc3 Be6 13. Bg5 Rc8 14. Rad1
Qb6 15. Qxb6 axb6 16. Bxf6 Bxf6 17. Nxd5 Bxd5 18. Bxd5 Rxc2 19. Bxb7 Rxb2 20. a4
g6 21. Rb1 Rxb1 22. Rxb1 Bd4 23. Rd1 Bc5 24. Rd7 Kh8 25. Bd5 f5 26. Kg2 Re8 27.
Bf3 Re1 28. Rd2 Ra1 29. Bc6 Kg7 30. h4 Kf6 31. Bb5 Ra3 32. Re2 f4 33. gxf4 Kf5
34. Rc2 Kxf4 35. Rc4+ Ke5 36. Rc2 Rb3 37. Bc6 Ra3 38. Bb5 Kf4 39. Rc4+ Ke5 40.
Rc2 1/2-1/2

[Event "ch-FRA Blitz Online Qual"]
[Site "Europe-Chess INT"]
[Date "2020.05.16"]
[Round "13"]
[White "Neau, Julien"]
[Black "Muminova, Nafisa"]
[Result "0-1"]
[BlackTitle "WGM"]
[WhiteElo "1916"]
[BlackElo "2274"]
[WhiteFideId "631388"]
[BlackFideId "14201526"]
[EventDate "2020.05.16"]

1. d4 Nf6 2. c4 e6 3. Nc3 c5 4. d5 exd5 5. cxd5 d6 6. e4 g6 7. Nge2 Bg7 8. Ng3
O-O 9. Be2 a6 10. a4 Re8 11. O-O Nbd7 12. f3 Rb8 13. Be3 Ne5 14. h3 h6 15. Qd2
Kh7 16. f4 Ned7 17. Bd3 Qc7 18. e5 dxe5 19. d6 Qc6 20. f5 e4 21. fxg6+ fxg6 22.
Ncxe4 Nxe4 23. Nxe4 Rxe4 24. Bxh6 Bxh6 25. Rf7+ Bg7 26. Qg5 Qxd6 27. Bxe4 Qd4+
28. Kh1 Qxe4 29. Rf4 Qe5 30. Rh4+ Kg8 31. Qxg6 Nf6 32. Rf1 Bd7 33. Rhf4 Rf8 34.
h4 Nh7 35. Rxf8+ Nxf8 36. Qd3 Bc6 37. Qc4+ Bd5 38. Qg4 Qe6 39. Qg3 Qe5 40. Qg4
Be6 41. Qf3 Qxb2 42. g3 Qd4 43. Kh2 Bd5 44. Qe2 Bc4 45. Qf2 Bxf1 46. Qxf1 Qd2+
47. Kh3 Qd7+ 48. Kh2 Qd5 49. Qf4 c4 50. g4 Be5 0-1

[Event "ch-FRA Blitz Online Qual"]
[Site "Europe-Chess INT"]
[Date "2020.05.16"]
[Round "13"]
[White "Goulesque, Camille"]
[Black "Boyer, Mahel"]
[Result "0-1"]
[BlackTitle "FM"]
[WhiteElo "1899"]
[BlackElo "2294"]
[WhiteFideId "26086140"]
[BlackFideId "45102422"]
[EventDate "2020.05.16"]

1. d4 Nf6 2. c4 c5 3. d5 e6 4. Nc3 exd5 5. cxd5 d6 6. e4 g6 7. Nf3 Bg7 8. Bd3 a6
9. a4 Bg4 10. h3 Bxf3 11. Qxf3 O-O 12. O-O Nbd7 13. Qd1 Qc7 14. Re1 Rab8 15. Bf4
c4 16. Bf1 b5 17. axb5 axb5 18. Ra6 Ne8 19. Bg5 Nc5 20. Rc6 Qd7 21. Be2 Nf6 22.
Bf3 Rfe8 23. e5 Nd3 24. Re2 Nxe5 25. Bxf6 Bxf6 26. Ne4 Bg7 27. Rxd6 Qc7 28. Rc6
Nxc6 29. dxc6 Rbd8 30. Rd2 Rxd2 31. Qxd2 Qxc6 32. Qb4 Rxe4 33. Qe1 Rxe1+ 34. Kh2
Be5+ 35. g3 Qxf3 36. h4 Rh1# 0-1

[Event "ch-FRA Blitz Online Qual"]
[Site "Europe-Chess INT"]
[Date "2020.05.16"]
[Round "13"]
[White "Razafindratsima, Timothe"]
[Black "Macqueron, Gregory"]
[Result "1-0"]
[WhiteTitle "FM"]
[WhiteElo "2336"]
[BlackElo "1927"]
[WhiteFideId "36069884"]
[BlackFideId "551004240"]
[EventDate "2020.05.16"]

1. e4 d6 2. d4 Nf6 3. Nc3 Nbd7 4. Nf3 e5 5. d5 Nc5 6. Bd3 a5 7. Be3 b6 8. h3 Be7
9. Qe2 h6 10. O-O-O a4 11. Bxc5 bxc5 12. a3 Nd7 13. Bb5 O-O 14. Bxa4 Nb6 15. Bc6
Rb8 16. Nd2 Bg5 17. g3 Bd7 18. h4 Bf6 19. Bxd7 Qxd7 20. Nc4 Na4 21. Nxa4 Qxa4
22. b3 Qa6 23. g4 Qc8 24. Kb2 Qd8 25. Rdg1 g6 26. g5 hxg5 27. hxg5 Bxg5 28. Qg4
f6 29. Qh3 Qe7 30. Qh8+ Kf7 31. Rh7+ Ke8 32. Rxe7+ 1-0